CHERNOBYL PRAYER A CHRONICLE OF THE FUTU (Record no. 27845)

MARC details
000 -LEADER
fixed length control field 00339nam a2200133Ia 4500
008 - FIXED-LENGTH DATA ELEMENTS--GENERAL INFORMATION
fixed length control field 240624s9999 xx 000 0 und d
041 ## - LANGUAGE CODE
Language code of text/sound track or separate title eng
082 ## - DEWEY DECIMAL CLASSIFICATION NUMBER
Classification number 823 ALE
100 ## - MAIN ENTRY--PERSONAL NAME
Personal name BY ALEXIEVICH SVETLANA
245 ## - TITLE STATEMENT
Title CHERNOBYL PRAYER A CHRONICLE OF THE FUTU
260 ## - PUBLICATION, DISTRIBUTION, ETC.
Date of publication, distribution, etc. 2013
Place of publication, distribution, etc. India
Name of publisher, distributor, etc. Penguin
300 ## - PHYSICAL DESCRIPTION
Extent 293 : p. : cm ; 22
365 ## - TRADE PRICE
Currency code RS
Holdings
Withdrawn status Lost status Damaged status Not for loan Home library Current library Shelving location Date acquired Cost, normal purchase price Total Checkouts Total Renewals Full call number Barcode Date due Date last seen Date last checked out Copy number Price effective from Koha item type
        IMTN IMTN Rack 39-A 08/18/2016 668.00 4 1 823 ALE 27845 01/27/2026 01/17/2026 01/17/2026 1 06/24/2024 Books
Designed & Maintained by: LRC IMT Nagpur Contact: lrc@imtnag.ac.in© 2024. All Rights Reserved.